LEADER 01553nam0 22003853i 450 001 MIL0074517 005 20251003044222.0 010 $a0201528991 100 $a20071119d1991 ||||0itac50 ba 101 | $aeng 102 $aus 181 1$6z01$ai $bxxxe 182 1$6z01$an 200 1 $aCMU computer science$ea 25. anniversary commemorative$fedited by Richard F. Rashid 210 $aNew York$cACM press$aReading, Mass. [etc.]$cAddison-Wesley$dc1991 215 $aXXXII, 519 p., [2] c. di tav. color.$cill.$d25 cm$e1 errata notice. 225 | $aACM press anthology series 410 0$1001MIL0074520$12001 $aACM press anthology series 517 1 $aCarnegie mellon university computer science. -$9MIL0074524 606 $aInformatica$xCongressi$2FIR$3BUNC015288$9I 676 $a004$9ELABORAZIONE DEI DATI. SCIENZA DEGLI ELABORATORI. INFORMATICA$v14 676 $a004$9Informatica$v22 696 $aConvegni$aCongressi e convegni$aScienza degli elaboratori 699 $aCongressi$yConvegni 699 $aCongressi$yCongressi e convegni 699 $aInformatica$yScienza degli elaboratori 702 1$aRashid$b, Richard F.$3MILV051062 801 3$aIT$bIT-000000$c20071119 850 $aIT-BN0095 901 $bNAP 01$cSALA DING $n$ 912 $aMIL0074517 950 0$aBiblioteca Centralizzata di Ateneo$c1 v.$d 01SALA DING 004 CMUCS$e 0102 0000005085 VMA A4 1 v.$fY $h20071119$i20071119 977 $a 01 996 $aCMU computer science$91572028 997 $aUNISANNIO